000 00552nam a22002051a 4500
001 1183
003 OSt
005 20260204211725.0
008 040116s1999||||cu ||||||b||||||||||spa||
020 _a9592580537
050 _a303.4833 N922c
082 _a303.4833 N922c
100 _aNúñez Jover, Jorge
245 _aLa ciencia y la tecnología como procesos sociales / Jorge Núñez Jover
264 _aCuba : Felix Varela
300 _a245 p.
500 _aIncluye bibliografía
650 _a1.Tecnología-Efecto SocialesÌ
942 _2ddc
_cBK
999 _c1183
_d1183